Wplyw transferu prawa wlasnosci na efektywnosc gospodarowania przedsiebiorstwa.
Rámec analýzy. Kritériá hodnotenia. Dôsledky transferu vlastníckych práv. Priame a nepriame následky transferu vlastníckych práv. Regulácie. Empirické overovanie. Porovnanie výsledkov dosahovaných verejnými a súkromnými podnikmi. Vplyv privatizácie na efektívnosť hospodárenia.
Gespeichert in:
| 1. Verfasser: | |
|---|---|
| Format: | Buchkapitel |
| Sprache: | Polnisch |
| Schlagworte: | |
| Tags: |
Keine Tags, Fügen Sie das erste Tag hinzu!
|
MARC
| LEADER | 00000naa a2200000 4500 | ||
|---|---|---|---|
| 001 | r013058 | ||
| 005 | 20221130111452.5 | ||
| 041 | 0 | |a pol | |
| 044 | |a PL | ||
| 245 | 1 | 0 | |a Wplyw transferu prawa wlasnosci na efektywnosc gospodarowania przedsiebiorstwa. |c P. Jasinski |
| 520 | |a Rámec analýzy. Kritériá hodnotenia. Dôsledky transferu vlastníckych práv. Priame a nepriame následky transferu vlastníckych práv. Regulácie. Empirické overovanie. Porovnanie výsledkov dosahovaných verejnými a súkromnými podnikmi. Vplyv privatizácie na efektívnosť hospodárenia. | ||
| 610 | 2 | 0 | |a podnik verejný |
| 610 | 2 | 0 | |a inštitúcie verejnoprávne |
| 610 | 2 | 0 | |a podnik súkromný |
| 610 | 2 | 0 | |a podnik |
| 610 | 2 | 0 | |a vlastníctvo |
| 610 | 2 | 0 | |a privatizácia |
| 610 | 2 | 0 | |a Veľká Británia |
| 610 | 2 | 0 | |a trh |
| 610 | 2 | 0 | |a regulácia hospodárska |
| 610 | 2 | 0 | |a hospodárenie podnikové |
| 610 | 2 | 0 | |a optimalizácia |
| 610 | 2 | 0 | |a efektívnosť |
| 610 | 2 | 0 | |a konkurencia |
| 610 | 2 | 0 | |a porovnanie medzipodnikové |
| 610 | 2 | 0 | |a metóda štvorcov najmenších |
| 100 | 1 | |a Jasinski, P. | |